| 000 | 00766nam a2200241Ia 4500 | ||
|---|---|---|---|
| 003 | OSt | ||
| 005 | 20240711225054.0 | ||
| 008 | 130821s2011 ck ao gr spa | ||
| 020 | _a978 958 8366 21 0 | ||
| 040 |
_aCo-BoUCM _bSPA _cCO-UdeC _dCO-UdeC _eAARC |
||
| 041 | 0 | 0 | _aspa |
| 082 | 0 | 4 |
_a808.56 _bA472v _220 |
| 100 | 1 |
_aAlvarado Tenorio, Harold _968278 |
|
| 245 | 1 | 0 |
_aVeinticinco conversaciones / _cHarold Alvarado Tenorio. |
| 260 |
_aMedellín : _bEdiciones Unaula, _c2011. |
||
| 300 |
_a272 p. ; _bfotografías, _c24 cm. |
||
| 490 | 0 | _aSerie Tierra Baldía | |
| 504 | _aIncluye índice alfabético | ||
| 650 |
_aEnsayos españoles _914560 |
||
| 650 |
_aLiteratura española _97793 |
||
| 650 |
_aLiteratura europea _926524 |
||
| 942 |
_cBK _2ddc _h808.56 A472v |
||
| 999 |
_c1816 _d1816 |
||